[Event "65th ch-RUS"]
[Site "Moscow RUS"]
[Date "2012.08.10"]
[Round "7"]
[White "Karjakin,Sergey"]
[Black "Alekseev,Evgeny"]
[Result "1-0"]
[WhiteElo "2785"]
[BlackElo "2673"]
[EventDate "2012.08.03"]

1. d4 Nf6 2. c4 e6 3. Nc3 Bb4 4. Qc2 O-O 5. a3 Bxc3+ 6. Qxc3 d6 7. Nf3 Re8
8. g3 Qe7 9. b4 e5 10. dxe5 dxe5 11. Bb2 Nc6 12. Bg2 Nd4 13. Nxd4 exd4 14.
Qd2 Bg4 15. f3 Be6 16. Bxd4 Bxc4 17. e4 Nd7 18. Qc3 b5 19. Bxg7 f5 20. Bh6
fxe4 21. O-O-O a5 22. bxa5 Nc5 23. Bf1 Nb3+ 24. Kb1 Nxa5 25. Bc1 Qe5 26.
Qxe5 Rxe5 27. fxe4 Bxf1 28. Rhxf1 Nc4 29. Rd7 Rxe4 30. Rff7 Nxa3+ 31. Bxa3
Rxa3 32. Rg7+ Kh8 33. Rxh7+ Kg8 34. Rdg7+ Kf8 35. Rxc7 Rb4+ 36. Kc2 Rc4+
37. Kb2 Rxc7 38. Rxc7 b4 39. Kb1 Rb3+ 40. Kc1 Ra3 41. Rc2 Kg7 42. Rb2 Rf3
43. Kb1 b3 44. Re2 Kg6 45. Kb2 Kg5 46. Ka3 Kg4 47. Re4+ Kf5 48. Rb4 Rf2 49.
h4 Rg2 50. Rb5+ Ke4 51. Rxb3 Rc2 52. Rb4+ Ke5 53. Kb3 Rf2 54. Rb5+ Kf6 55.
Kc4 Rg2 56. Rg5 Rd2 57. Rg8 Kf7 58. Rg4 Kf6 59. h5 Rh2 60. Rg6+ Kf7 61. g4
Rd2 62. Rg5 Rd1 63. Rd5 Rg1 64. Rf5+ Kg7 65. Rg5+ Kh6 66. Rg6+ Kh7 67. Kd5
Re1 68. g5 Ra1 69. Rc6 Rg1 70. Rc7+ Kg8 71. g6 Rg5+ 1-0